| 000 | 004530000a22001810004500 | ||
|---|---|---|---|
| 003 | MACL | ||
| 005 | 20160106134753.0 | ||
| 008 | 160106b xxu||||| |||| 00| 0 eng d | ||
| 040 |
_aMACL _cMACL |
||
| 041 | _aEnglish | ||
| 082 | _a823/JHA | ||
| 100 |
_aJhabvala, R Prawer _928707 |
||
| 245 | _aLike Birds like Fishes and other stories | ||
| 260 |
_bJohn Murray _c1963 _aLondon |
||
| 350 | _a15 | ||
| 650 |
_aStories _928708 |
||
| 942 |
_cBK _k823/JHA _2ddc |
||
| 999 |
_c35338 _d35338 |
||